LEADER 01203nam a22002771i 4500 001 991002154749707536 005 20040208181114.0 008 040407s1971 ne |||||||||||||||||ger 035 $ab12879009-39ule_inst 035 $aARCHE-085862$9ExL 040 $aDip.to Scienze Storiche$bita$cA.t.i. Arché s.c.r.l. Pandora Sicilia s.r.l. 082 04$a110 100 1 $aZimmermann, Albert$0384404 245 10$aVerzeichnis ungedruckter Kommentare zur Metaphysik und Physik des Aristoteles :$baus der Zeit von etwa 1250-1350 /$cgesammelt und bearbeitet von Albert Zimmermann 260 $aLeiden ;$aKoln :$bBrill,$c1971- 300 $av. ;$c25 cm 440 0$aStudien und Texte zur Geistesgeschichte des Mittelalters ;$v9 600 04$aAristotele$xMetafisica 600 04$aAristotele$xFisica 650 4$aFilosofia$xStoria$xMedioevo 907 $a.b12879009$b02-04-14$c16-04-04 912 $a991002154749707536 945 $aLE009 STOR.37-236$g1$i2009000196353$lle009$o-$pE0.00$q-$rn$so $t0$u0$v0$w0$x0$y.i13440937$z16-04-04 996 $aVerzeichnis ungedruckter Kommentare zur Metaphysik und Physik des Aristoteles$9301242 997 $aUNISALENTO 998 $ale009$b16-04-04$cm$da $e-$fger$gne $h0$i1 LEADER 02779nam 2200637 a 450 001 9910975248803321 005 20251117070148.0 010 $a1-61324-211-5 035 $a(CKB)2670000000094825 035 $a(EBL)3019712 035 $a(SSID)ssj0000521168 035 $a(PQKBManifestationID)12162242 035 $a(PQKBTitleCode)TC0000521168 035 $a(PQKBWorkID)10523226 035 $a(PQKB)11578961 035 $a(MiAaPQ)EBC3019712 035 $a(Au-PeEL)EBL3019712 035 $a(CaPaEBR)ebr10671277 035 $a(OCoLC)730514996 035 $a(BIP)43287657 035 $a(BIP)28521736 035 $a(EXLCZ)992670000000094825 100 $a20091222d2010 uy 0 101 0 $aeng 135 $aur|n|---||||| 181 $ctxt 182 $cc 183 $acr 200 00$aBiodegradation of cellulose fibers /$fBarbara Simonc?ic? ... [et al.] 205 $a1st ed. 210 $aNew York. $cNova Science Publishers$dc2010 215 $a1 online resource (76 p.) 225 1 $aBacteriology research developments 300 $aDescription based upon print version of record. 311 08$a1-61668-154-3 320 $aIncludes bibliographical references and index. 327 $aIntroduction -- Materials for finishing and application methods -- Analytical methods for the evaluation of materials and finishes -- Biodegradation of untreated cellulose fibers -- Inhibition of cellulose biodegradation by chemical modification -- Sol-gel finishes for passive antibacterial activity -- Conclusion. 330 $aIn this book, the results of the chemical modification of cellulose fibres were presented, aimed at protecting the textile material against biodegradation. Namely, cellulose fibres are highly susceptible to microbial attack, resulting in worsened technological and applicable properties of textile products. This is a particularly crucial problem for textiles that are in use. The rate and degree of cellulose biodegradation is affected by several factors, among which the most important are the genera of microorganisms and the environmental conditions needed for microbial growth. 410 0$aBacteriology research developments series. 606 $aCellulose fibers 606 $aCellulose$xMicrobiology 606 $aCellulose$xBiodegradation 606 $aMicrobial biotechnology 615 0$aCellulose fibers. 615 0$aCellulose$xMicrobiology. 615 0$aCellulose$xBiodegradation. 615 0$aMicrobial biotechnology. 676 $a572/.56682 701 $aSimonc?ic?$b Barbara$01865724 801 0$bMiAaPQ 801 1$bMiAaPQ 801 2$bMiAaPQ 906 $aBOOK 912 $a9910975248803321 996 $aBiodegradation of cellulose fibers$94472894 997 $aUNINA